Defense Against the Dark Arts Teachers - Statistics

General Stats
  • This quiz has been taken 5 times
  • The average score is 5 of 6
Answer Stats
Book Professor % Correct
6 Severus Snape
100%
4 Alastor "May-Eye" Moody
75%
2 Gilderoy Lockhart
75%
1 Quirinus Quirrell
75%
3 Remus Lupin
75%
5 Dolores Umbridge
50%
No matching quizzes found
Score Distribution
Percent of People with Each Score
Percentile by Number Answered
Your Score History
You have not taken this quiz